Généalogies : (notice nᵒ 2667)
[ vue normale ]
| 000 -LEADER | |
|---|---|
| fixed length control field | 01388 a2200301 4500 |
| 001 - CONTROL NUMBER | |
| control field | OB-pul-5049 |
| 003 - CONTROL NUMBER IDENTIFIER | |
| control field | FrMaCLE |
| 005 - DATE AND TIME OF LATEST TRANSACTION | |
| control field | 20251214082554.0 |
| 007 - PHYSICAL DESCRIPTION FIXED FIELD--GENERAL INFORMATION | |
| fixed length control field | cu ||||||m|||| |
| 008 - FIXED-LENGTH DATA ELEMENTS--GENERAL INFORMATION | |
| fixed length control field | 210808e||||||||xx |||||s|||||||||0|fr|d |
| 020 ## - INTERNATIONAL STANDARD BOOK NUMBER | |
| International Standard Book Number | 978-2-7297-1108-5 |
| 024 7# - OTHER STANDARD IDENTIFIER | |
| Standard number or code | 10.4000/books.pul.5049 |
| Source of number or code | doi |
| 040 ## - CATALOGING SOURCE | |
| Original cataloging agency | FR-FrMaCLE |
| 041 ## - LANGUAGE CODE | |
| Language code of text/sound track or separate title | fra |
| 100 1# - MAIN ENTRY--PERSONAL NAME | |
| Personal name | Rodet, Chantal |
| 245 10 - TITLE STATEMENT | |
| Title | Généalogies : |
| Remainder of title | Le récit bourgeois (xixe et xxe siècles) / |
| Statement of responsibility, etc. | Chantal Rodet. |
| 260 ## - PUBLICATION, DISTRIBUTION, ETC. | |
| Place of publication, distribution, etc. | Lyon : |
| Name of publisher, distributor, etc. | Presses universitaires de Lyon, |
| Date of publication, distribution, etc. | 2021. |
| 300 ## - PHYSICAL DESCRIPTION | |
| Extent | 508 p. |
| 500 ## - GENERAL NOTE | |
| General note | Ebook |
| 520 ## - SUMMARY, ETC. | |
| Summary, etc. | Pourquoi les membres d'anciennes familles bourgeoises s'adonnent-ils au récit généalogique aux XIXe et XXe siècles ? Que révèle cet engouement durable pour l'écriture de soi ? L'élite qui se trouve ainsi des repères inédits fixe sa mémoire familiale. Structurant, stabilisant une identité qui peut alors s'infléchir insidieusement. C'est la conscience généalogique de soi qui intéresse Chantal Rodet, dont les travaux, à partir de l'exemple de Lyon, éclairent la singulière forgerie. |
| 540 ## - TERMS GOVERNING USE AND REPRODUCTION NOTE | |
| Terms governing use and reproduction | OpenEdition Books License |
| Uniform Resource Identifier | <a href="https://www.openedition.org/12554">https://www.openedition.org/12554</a> |
| 650 #4 - SUBJECT ADDED ENTRY--TOPICAL TERM | |
| Topical term or geographic name entry element | Sociology |
| Topical term or geographic name entry element | bourgeoisie |
| Topical term or geographic name entry element | généalogie |
| Topical term or geographic name entry element | mémoire |
| 776 ## - ADDITIONAL PHYSICAL FORM ENTRY | |
| International Standard Book Number | 978-2-7297-0827-6 |
| 856 4# - ELECTRONIC LOCATION AND ACCESS | |
| Data provenance | Rodet, Chantal |
| Uniform Resource Identifier | <a href="https://books.openedition.org/pul/5049">https://books.openedition.org/pul/5049</a> |
| Link text | Généalogies |
Pas d'exemplaire disponible.
